00389nam a2200121 a 450000100100000000500170001000800410002704000250006810000230009324500680011626000470018430000360023100003860820201002031318.0130416s1995 dr ac 000 0 spa d aDO-SdBNPbspacBNPHU1 aAlburquerque, Luis10aBanco central Valdez Albizu y banreservas /cLuis Alburquerque. aSanto domingo :bImprenta Mercedes,c1995. a173 p. :bil., retrs. ;c22 cm.